00455cam a2200169ua 4500001000500000005001700005008003900022040000900061082001300070100002200083245006300105250000900168260003000177300001700207653001800224653004300242403020260515113754.0111213n ii |||gr||||Z||||||asm cMAIN a891.45111 aBorkataky, Biren,11aIngraj ramanyasik kabir kabya pratibhacby Biren Borkataki a2nd. aDibrugarh:bBanalata,986. a192p:c23cm. aAssamese poem aIngraj ramanyasik kabir kabya pratibha